Tu hogar es mi corazón = Housekeeping /

Un par de hermanas abandonas por sus padres han vivido con distintos parientes en diferentes casas. Ahora le toca el turno a una tía cuya juventud transcurrió en las calles y nunca ha podido abandonar sus viejos hábitos. El reto es que las muchachas se adapten al peculiar estilo de vida de su tía y...

Fuld beskrivelse

Guardado en:
Bibliografiske detaljer
Hovedforfatter: Forsyth, Bill (realización)
Andre forfattere: Forsyth, Bill (guión) (guión), Coulter, Michael (fotógrafo) (fotógrafo), Ellis, Michael (montaje) (montaje), Gibbs, Michael (música) (música), Lahti, Christine (actuación) (actuación), Walker, Sara (actuación) (actuación), Burchill, Andrea (actuación) (actuación)
Format: Slide
Sprog:engelsk
Fag:
Tags: Tilføj Tag
Ingen Tags, Vær først til at tagge denne postø!

MARC

LEADER 00000ngm^a2200000^a^4500
001 000053683
005 20250521000000.0
009 20260310090444.035
037 |a Acervo ITESO - Biblioteca 
041 |a ING 
082 |a 810.  |b FOR 
100 |a Forsyth, Bill  |e (realización) 
245 1 0 |a Tu hogar es mi corazón =  |b Housekeeping /  |c Realización de B. Forsyth. 
264 2 |a Los Angeles, EUA :  |b Columbia Pictures ;  |a México :  |b Videovisa [distribución],  |c 1987, c1987 
300 |a 1 videocasete VHS  |c (120 min.) 
336 |a imagen móvil bidimensional  |b tdi  |2 rdacontenido 
337 |a video  |b v  |2 rdamedio 
338 |a videocasete  |b vf  |2 rdasoporte 
500 |a Basado en: Housekeeping, de Marilynne Robinson 
520 |a Un par de hermanas abandonas por sus padres han vivido con distintos parientes en diferentes casas. Ahora le toca el turno a una tía cuya juventud transcurrió en las calles y nunca ha podido abandonar sus viejos hábitos. El reto es que las muchachas se adapten al peculiar estilo de vida de su tía y que ésta pueda asumir la responsabilidad de cuidarlas. 
546 |a En inglés, con subtítulos en español 
649 |a XX 
650 |a Cineastas Escoceses 
650 |a Adolescentes en el Cine 
650 |a Huérfanos en el Cine 
650 |a Mujeres en el Cine 
650 |a Cine Norteamericano -  |y 1980-1989 
650 |a Cine Norteamericano -  |y Siglo XX 
650 |a Novela Norteamericana -  |x Adaptaciones para Cine 
650 |a Literatura Norteamericana -  |y Siglo XX -  |x Adaptaciones para Cine 
650 |a Literatura y Cine 
650 |a Relaciones Familiares 
650 |a Vagabundeo 
700 |a Forsyth, Bill  |e (guión) 
700 |a Coulter, Michael  |e (fotógrafo) 
700 |a Ellis, Michael  |e (montaje) 
700 |a Gibbs, Michael  |e (música) 
700 |a Lahti, Christine  |e (actuación) 
700 |a Walker, Sara  |e (actuación) 
700 |a Burchill, Andrea  |e (actuación) 
910 |a Fondo General 
920 |a Audiovisuales - Videocasetes 
940 |a Películas 
905 |a 301 
901 |a 0500012870  |b IT2  |c VIS  |u 20250521 
902 |a https://opac.biblio.iteso.mx/vufind/Record/000053683